Central Library OPAC University of Rajshahi

Past and future of ethics / (Record no. 31362)

MARC details
000 -LEADER
fixed length control field 00666nam a22002412 4500
001 - CONTROL NUMBER
control field 31362
003 - CONTROL NUMBER IDENTIFIER
rucl marc code BD-RjUL
005 - DATE AND TIME OF LATEST TRANSACTION
control field 20211209051706.0
008 - FIXED-LENGTH DATA ELEMENTS--GENERAL INFORMATION
fixed length control field 140415s1938 enk 001 0 eng
035 ## - SYSTEM CONTROL NUMBER
System control number (BD-RjUL)31449
040 ## - CATALOGING SOURCE
Original cataloging agency DLC
Transcribing agency AFU
Modifying agency BD-RjUL
Language of cataloging eng
041 ## - LANGUAGE CODE
Language code of text/sound track or separate title eng
082 00 - DEWEY DECIMAL CLASSIFICATION NUMBER
Classification number 170
Author mark and year TUP 1938
100 1# - MAIN ENTRY--PERSONAL NAME
Personal name Tuker, M. A. R.
Fuller form of name (Mildred Anna Rosalie).
9 (RLIN) 95438
245 10 - TITLE STATEMENT
Title Past and future of ethics /
Statement of responsibility, etc. by M.A.R. Tuker.
260 ## - PUBLICATION, DISTRIBUTION, ETC. (IMPRINT)
Place of publication, distribution, etc. London ;
-- New York :
Name of publisher, distributor, etc. Oxford university press,
Date of publication, distribution, etc. 1938.
300 ## - PHYSICAL DESCRIPTION
Pagination x, 496 p. ;
Size 23 cm.
504 ## - BIBLIOGRAPHY, ETC. NOTE
Bibliography, etc Includes index.
650 #0 - SUBJECT ADDED ENTRY--TOPICAL TERM
Topical term or geographic name as entry element Ethics.
9 (RLIN) 95439
942 ## - ADDED ENTRY ELEMENTS (KOHA)
Source of classification or shelving scheme Dewey Decimal Classification
Koha item type Books
Holdings
Lost status Source of classification or shelving scheme Damaged status Not for loan Collection code Permanent Location Current Location Shelving location Date acquired Source of acquisition Cost, normal purchase price Total Checkouts Full call number Date last seen Copy number Koha item type
  Dewey Decimal Classification   Not For Loan Non-fiction Central Library, University of Rajshahi Central Library, University of Rajshahi Reading Room 06/03/1956 B. H. Blackwell 0.16   170 TUP 1938 15/04/2014 C-1 Books